<?xml version="1.0" encoding="UTF-8"?>
<record
    xmlns:xsi="http://www.w3.org/2001/XMLSchema-instance"
    xsi:schemaLocation="http://www.loc.gov/MARC21/slim http://www.loc.gov/standards/marcxml/schema/MARC21slim.xsd"
    xmlns="http://www.loc.gov/MARC21/slim">

  <leader>01982nam a2200385 a 4500</leader>
  <controlfield tag="001">000044893</controlfield>
  <controlfield tag="003">DO-SdBNP</controlfield>
  <controlfield tag="005">20260428073714.0</controlfield>
  <controlfield tag="008">150115s2014    dr            000 j spa d</controlfield>
  <datafield tag="020" ind1=" " ind2=" ">
    <subfield code="a">9789945475876</subfield>
  </datafield>
  <datafield tag="040" ind1=" " ind2=" ">
    <subfield code="a">DO-SdBNP</subfield>
    <subfield code="b">spa</subfield>
    <subfield code="c">BNPHU</subfield>
  </datafield>
  <datafield tag="082" ind1=" " ind2="4">
    <subfield code="a">RD863.5</subfield>
    <subfield code="b">P925n</subfield>
  </datafield>
  <datafield tag="111" ind1="2" ind2=" ">
    <subfield code="a">Premios Joven de Cuento Feria del Libro</subfield>
    <subfield code="d">(2013 :</subfield>
    <subfield code="c">Santo Domingo)</subfield>
    <subfield code="9">72906</subfield>
  </datafield>
  <datafield tag="245" ind1="1" ind2="0">
    <subfield code="a">N&#xFA;mero para los Guti&#xE9;rrez y otros cuentos premiados /</subfield>
    <subfield code="c">presentaci&#xF3;n ; Pedro Antonio Valdez.</subfield>
  </datafield>
  <datafield tag="260" ind1=" " ind2=" ">
    <subfield code="a">Santo Domingo :</subfield>
    <subfield code="b">Ediciones Ferilibro,</subfield>
    <subfield code="c">2014.</subfield>
  </datafield>
  <datafield tag="300" ind1=" " ind2=" ">
    <subfield code="a">51 p. ;</subfield>
    <subfield code="c">23 cm.</subfield>
  </datafield>
  <datafield tag="500" ind1=" " ind2=" ">
    <subfield code="a">Incluye datos biogr&#xE1;ficos de los autores en las solapas</subfield>
  </datafield>
  <datafield tag="505" ind1="0" ind2=" ">
    <subfield code="g">Gran premio :</subfield>
    <subfield code="t">N&#xFA;meros para los Guti&#xE9;rrez /</subfield>
    <subfield code="r">Isidro Jim&#xE9;nez Guill&#xE9;n --</subfield>
    <subfield code="g">Menciones :</subfield>
    <subfield code="t">Mi reclamo, unas cuantas palabras /</subfield>
    <subfield code="r">Vicente Arturo Pichardo --</subfield>
    <subfield code="t">Papito (mantequilla) dej&#xF3; el limpio /</subfield>
    <subfield code="r">Kianny Antigua --</subfield>
    <subfield code="t">Mu&#xF1;eca -</subfield>
    <subfield code="r">Joel Marte Torres --</subfield>
    <subfield code="t">Ll&#xE1;mame tristan /</subfield>
    <subfield code="r">Raisa Pimentel --</subfield>
    <subfield code="t">El bac&#xE1; apareci&#xF3; en la universidad /</subfield>
    <subfield code="r">Edwin Ricardo Castillo --</subfield>
    <subfield code="t">El cuerpo estorba /</subfield>
    <subfield code="r">Santana, Mois&#xE9;s --</subfield>
    <subfield code="t">Una hora de vida /</subfield>
    <subfield code="r">Kianny Antigua --</subfield>
  </datafield>
  <datafield tag="590" ind1=" " ind2=" ">
    <subfield code="a">Inventariado, 2019/BT</subfield>
  </datafield>
  <datafield tag="650" ind1=" " ind2="0">
    <subfield code="a">Cuentos dominicanos</subfield>
    <subfield code="9">176</subfield>
  </datafield>
  <datafield tag="650" ind1=" " ind2="0">
    <subfield code="a">Literatura dominicana.</subfield>
    <subfield code="9">67</subfield>
  </datafield>
  <datafield tag="650" ind1=" " ind2="4">
    <subfield code="a">Certamenes literarios</subfield>
    <subfield code="9">1541</subfield>
  </datafield>
  <datafield tag="650" ind1=" " ind2="0">
    <subfield code="a">Premios literarios </subfield>
    <subfield code="9">1542</subfield>
  </datafield>
  <datafield tag="700" ind1="1" ind2="2">
    <subfield code="a">Valdez, Pedro Antonio,</subfield>
    <subfield code="d">1968-</subfield>
    <subfield code="e">pres.</subfield>
    <subfield code="9">22509</subfield>
  </datafield>
  <datafield tag="700" ind1="1" ind2="2">
    <subfield code="a">Jim&#xE9;nez Guill&#xE9;n, Isidro</subfield>
    <subfield code="t">N&#xFA;meros para los Guti&#xE9;rrez</subfield>
    <subfield code="9">72907</subfield>
  </datafield>
  <datafield tag="700" ind1="1" ind2="2">
    <subfield code="a">Pichardo, Vicente Arturo</subfield>
    <subfield code="t">Mi reclamo, unas cuantas palabras</subfield>
    <subfield code="9">72908</subfield>
  </datafield>
  <datafield tag="700" ind1="1" ind2="2">
    <subfield code="a">Antigua, Kianny</subfield>
    <subfield code="t">Papito (mantequilla) dej&#xF3; el limpio</subfield>
    <subfield code="9">72909</subfield>
  </datafield>
  <datafield tag="700" ind1="1" ind2="2">
    <subfield code="a">Marte Torres, Joel</subfield>
    <subfield code="t">Mu&#xF1;eca</subfield>
    <subfield code="9">72910</subfield>
  </datafield>
  <datafield tag="700" ind1="1" ind2="2">
    <subfield code="a">Pimentel, Raisa</subfield>
    <subfield code="t">Ll&#xE1;mame tristan</subfield>
    <subfield code="9">72911</subfield>
  </datafield>
  <datafield tag="700" ind1="1" ind2="2">
    <subfield code="a">Castillo, Edwin Ricardo</subfield>
    <subfield code="t">El bac&#xE1; apareci&#xF3; en la universidad</subfield>
    <subfield code="9">72912</subfield>
  </datafield>
  <datafield tag="700" ind1="1" ind2="2">
    <subfield code="a">Santana, Mois&#xE9;s</subfield>
    <subfield code="t">El cuerpo estorba</subfield>
    <subfield code="9">72913</subfield>
  </datafield>
  <datafield tag="700" ind1="1" ind2="2">
    <subfield code="a">Antigua, Kianny</subfield>
    <subfield code="t">Una hora de vida</subfield>
    <subfield code="9">72914</subfield>
  </datafield>
  <datafield tag="910" ind1=" " ind2=" ">
    <subfield code="a">Validado. Control de calidad MFF</subfield>
  </datafield>
  <datafield tag="942" ind1=" " ind2=" ">
    <subfield code="2">ddc</subfield>
    <subfield code="c">LBS1</subfield>
  </datafield>
  <datafield tag="952" ind1=" " ind2=" ">
    <subfield code="0">0</subfield>
    <subfield code="1">0</subfield>
    <subfield code="5">4</subfield>
    <subfield code="7">0</subfield>
    <subfield code="8">DS</subfield>
    <subfield code="a">GR</subfield>
    <subfield code="b">GR</subfield>
    <subfield code="c">HD</subfield>
    <subfield code="d">2015-01-15</subfield>
    <subfield code="i">LF1</subfield>
    <subfield code="l">0</subfield>
    <subfield code="o">RD863.5 P925n</subfield>
    <subfield code="p">44893-30</subfield>
    <subfield code="r">2020-06-25</subfield>
    <subfield code="t">e.3</subfield>
    <subfield code="w">2020-06-25</subfield>
    <subfield code="y">LFDS</subfield>
    <subfield code="Z">Pr&#xE9;stamo en sala</subfield>
  </datafield>
  <datafield tag="952" ind1=" " ind2=" ">
    <subfield code="0">0</subfield>
    <subfield code="1">0</subfield>
    <subfield code="7">1</subfield>
    <subfield code="8">PD</subfield>
    <subfield code="a">PD</subfield>
    <subfield code="b">PD</subfield>
    <subfield code="c">HD</subfield>
    <subfield code="d">2015-01-15</subfield>
    <subfield code="i">LF1</subfield>
    <subfield code="l">0</subfield>
    <subfield code="o">RD863.5 P925n</subfield>
    <subfield code="p">44893-10</subfield>
    <subfield code="r">2020-06-25</subfield>
    <subfield code="w">2020-06-25</subfield>
    <subfield code="y">LFPD</subfield>
    <subfield code="Z">No se presta</subfield>
  </datafield>
  <datafield tag="952" ind1=" " ind2=" ">
    <subfield code="0">0</subfield>
    <subfield code="1">0</subfield>
    <subfield code="7">1</subfield>
    <subfield code="8">PD</subfield>
    <subfield code="a">PD</subfield>
    <subfield code="b">PD</subfield>
    <subfield code="c">HD</subfield>
    <subfield code="d">2015-01-15</subfield>
    <subfield code="i">LF1</subfield>
    <subfield code="l">0</subfield>
    <subfield code="o">RD863.5 P925n</subfield>
    <subfield code="p">44893-20</subfield>
    <subfield code="r">2020-06-25</subfield>
    <subfield code="w">2020-06-25</subfield>
    <subfield code="y">LFPD</subfield>
    <subfield code="Z">No se presta</subfield>
  </datafield>
  <datafield tag="999" ind1=" " ind2=" ">
    <subfield code="c">44382</subfield>
    <subfield code="d">44382</subfield>
  </datafield>
</record>
